Welcome to CU Library Online Public Access Catalogue (OPAC)

Black's law dictionary / (Record no. 355)

MARC details
000 -LEADER
fixed length control field 00753cam a2200241 i 4500
001 - CONTROL NUMBER
control field 18478564
003 - CONTROL NUMBER IDENTIFIER
control field OSt
005 - DATE AND TIME OF LATEST TRANSACTION
control field 20241029181118.0
008 - FIXED-LENGTH DATA ELEMENTS--GENERAL INFORMATION
fixed length control field 150203s2014 mnu bd 000 0 eng
020 ## - INTERNATIONAL STANDARD BOOK NUMBER
International Standard Book Number 9780314621306 (deluxe)
020 ## - INTERNATIONAL STANDARD BOOK NUMBER
International Standard Book Number 9780314613004
Qualifying information Hardcover
040 ## -
-- Central University Library
050 00 - LIBRARY OF CONGRESS CALL NUMBER
Classification number KF156
Item number .B53 2014
245 00 - TITLE STATEMENT
Title Black's law dictionary /
Statement of responsibility, etc. Bryan A. Garner, editor in chief.
250 ## - EDITION STATEMENT
Edition statement Tenth edition.
260 ## - PUBLICATION, DISTRIBUTION, ETC.
Place of publication, distribution, etc. US
Name of publisher, distributor, etc. Thomson Reuters
Date of publication, distribution, etc. c2014
300 ## - PHYSICAL DESCRIPTION
Extent xxxv, 2016 pages ;
Dimensions 26 cm
650 #0 - SUBJECT ADDED ENTRY--TOPICAL TERM
Topical term or geographic name entry element Law
Geographic subdivision United States
Form subdivision Dictionaries.
650 #0 - SUBJECT ADDED ENTRY--TOPICAL TERM
Topical term or geographic name entry element Law
Form subdivision Dictionaries.
700 1# - ADDED ENTRY--PERSONAL NAME
Personal name Garner, Bryan A.,
Relator term editor.
700 1# - ADDED ENTRY--PERSONAL NAME
Personal name Black, Henry Campbell,
Dates associated with a name 1860-1927.
Title of a work Law dictionary.
942 ## - ADDED ENTRY ELEMENTS (KOHA)
Source of classification or shelving scheme Library of Congress Classification
Koha item type Reference
Edition Tenth ed.
Suppress in OPAC No
999 ## -
-- 355
-- 355
Holdings
Withdrawn status Lost status Source of classification or shelving scheme Damaged status Not for loan Collection Home library Current library Shelving location Date acquired Total checkouts Full call number Barcode Date last seen Copy number Price effective from Koha item type
    Library of Congress Classification     Reference Law Library (Kumasi) Law Library (Kumasi) General stacks 05/03/2025   REF KF156.B53 Bla LLK00000102 05/03/2025 2 05/03/2025 Reference
    Library of Congress Classification     Reference Law Library (Miotso) Law Library (Miotso) Reference 10/29/2024   REF KF156.B53 BLA llm00000320 10/29/2024 1 10/29/2024 Reference
© 2023-2024 Copyright: Central University Libraries. All Rights Reserved | Created by: Mahone Tech Office